000
00435nam a2200157Ia 4500
008
090711s9999 xx 000 0 und d
082
_b
64904
100
_a
कर्णिक हेमंत
245
_a
दि किंद
260
_c
1990
600
_a
कर्णिक हेमंत
630
_a
दि किंद
700
_a
कर्णिक हेमंत
730
_a
दि किंद
942
_c
BOOK
999
_c
327005
_d
327005